| 000 | 00484nam a2200169Ia 4500 | ||
|---|---|---|---|
| 005 | 20250508151923.0 | ||
| 008 | 008 250505s9999 xx 000 0 eng d | ||
| 037 | _aTextual | ||
| 040 |
_aFEDL _beng _cFEDL |
||
| 041 |
_aeng _2eng |
||
| 084 |
_a374.02, HAN _qFEDL |
||
| 245 | 0 | _aHandbook for social education materil writers | |
| 260 |
_aLucknow, India _bLucknow Publishing House _c1954 |
||
| 300 | _a48p. | ||
| 942 |
_cTEXL _h374.02, HAN |
||
| 999 |
_c1332974 _d1332974 |
||